zpět

Detail výsledku týmu

Hradební Hasičárna, Prostějov

Datum a čas kvízu

36 Celkem bodů Celkový počet nahraných bodů na tomto kvízu bez doplňovacích otázek.
3. Pořadí na kvízu Konečné umístění týmu na tomto kvízu.

Zaznamenané odpovědi

# Otázka Odpověď Body Výsledky
1. V pátek se dostala do prodeje... vlky 1
2. Jak se jmenuje politik, který... James Cameron 1
3. Drony na Havaji zachytily neob... barví se do růžova 1
4. Největší slovenské knihkupectv... Martinus 0
5. Napište název nočního klubu v... Belmondo 1
6. Na začátek tématu a otázky si... třetím 1
7. Rozlohou třetí největší africk... Malawi 1
8. Seřaďte africké ostrovy v pořa... 1B 2D 3C 4A 1
9. Jak se jmenuje počtem obyvatel... Lagos 1
10. Afrika se trhá, od zbytku se o... C 1